| 000 | 02296cam a22005534a 4500 | ||
|---|---|---|---|
| 003 | PE-LiUPU | ||
| 005 | 20250731173042.0 | ||
| 008 | 130408s2011 miu rb 001 0 eng d | ||
| 020 | _z0801031834 | ||
| 020 | _z9780801031830 | ||
| 028 | 0 | 1 |
_aEB00005085 _bRecorded Books |
| 035 | _a(Sirsi) 836874501 | ||
| 035 |
_a(OCoLC)836874501 _z(OCoLC)863428188 _z(OCoLC)922967302 _z(OCoLC)927515440 _z(OCoLC)963364413 |
||
| 040 |
_aN$T _beng _epn _cN$T _dE7B _dOCLCA _dOCLCF _dRECBK _dYDXCP _dOCLCQ _dEBLCP _dOCLCQ _dYDX _dNZAMM _dOTZ _dPE-LiUPU _erda |
||
| 049 | _aPRUA | ||
| 050 | 4 |
_aBS1245.53 _b.H36 2011eb |
|
| 082 | 0 | 4 |
_a222.1207 _bH19 _223 |
| 100 | 1 |
_aHamilton, Victor P., _eautor. |
|
| 245 | 1 | 0 |
_aExodus : _ban exegetical commentary / _cVictor P. Hamilton. |
| 264 | 1 |
_aGrand Rapids, Michigan : _bBaker Academic, _c2011. |
|
| 300 |
_axxix, 721 páginas ; _c24 centímetros |
||
| 336 |
_atext _2rdacontent |
||
| 337 |
_aunmediated _2rdamedia |
||
| 338 |
_avolume _2rdacarrier |
||
| 504 | _aIndice : páginas 713-721. | ||
| 505 | 0 | _aOppression in Egypt (1:1-6:1) -- Liberation from Egypt (6:2-15:21) -- Testing time in the wilderness (15:22-18:27) -- Covenant and law at Sinai (19:1-24:18) -- How to build the tabernacle (25:1-31:18) -- The golden calf and covenant renewal (32:1-34:35) -- Tabernacle built, God's glory fills (35:1-40:38). | |
| 526 | _aSEG42 | ||
| 526 | _aSEG41 | ||
| 526 | _aSEG40 | ||
| 526 | _aSEG39 | ||
| 526 | _aP94 | ||
| 526 | _aP87 | ||
| 526 | _aP86 | ||
| 526 | _aP85 | ||
| 526 | _aP77 | ||
| 526 | _aP76 | ||
| 526 | _aP35 | ||
| 650 | 4 | _aTeología. | |
| 650 | 7 |
_aReligión _xEstudios Bíblicos _x Antiguo Testamento. _2bisacsh |
|
| 650 | 4 | _aTheology. | |
| 650 | 7 |
_aReligion _xBiblical Studies _xOld Testament. _2bisacsh |
|
| 910 |
_adbm _bncf _cncf _d20171226 |
||
| 942 |
_2ddc _cBOOK |
||
| 949 |
_a222.1207 H19 _wDEWEY _c1 _i77757 _lCATALOGING _mBUL _p33.50 _r0 _sY _tBOOK _u2017-12-26 _xPOSGRADO _PP85 _0COMPRA _o.STAFF. Colección Teología. |
||
| 994 |
_aC0 _bPEPRU |
||
| 596 | _a1 | ||
| 999 |
_a222.1207 H19 _wDEWEY _c26344 _i77757 _d26344 _e2019-10-23 _f2021-11-9 _g4 _lCCODEBUL1 _mBUL _n1 _p33.50 _q6 _r0 _sY _tBOOK _u2017-12-26 _xTEOLOGIA _PP85 _0COMPRA _o.STAFF. Colección Teología. |
||
| 980 |
_81 _gALBERTO SANCHEZ Responsable de Automatización |
||